书目信息 |
| 题名: |
欧洲史
|
|
| 作者: | 罗伯茨 著 ;李腾 , 史悦 译 | |
| 分册: | 下 | |
| 出版信息: | 上海 东方出版中心 2024.01 |
|
| 页数: | 2册(914页) | |
| 开本: | 23cm | |
| 丛书名: | 区域国别史经典丛书 | |
| 单 册: | ||
| 中图分类: | K500 | |
| 科图分类: | ||
| 主题词: | ||
| 电子资源: | ||
| ISBN: | 978-7-5473-2256-7 | |
| 000 | 01130nam0 2200301 450 | |
| 001 | 012779941 | |
| 005 | 20251022202257.21 | |
| 010 | @a978-7-5473-2256-7@dCNY99.00 | |
| 100 | @a20240220d2024 em y0chiy0120 ea | |
| 101 | 1 | @achi@ceng |
| 102 | @aCN@b310000 | |
| 105 | @ab z 001yy | |
| 106 | @ar | |
| 200 | 1 | @a欧洲史@9ou zhou shi@dThe penguin history of Europe@e从古希腊到冷战后@f(英)J.M.罗伯茨(J. M. Roberts)著@g李腾,史悦等译@h下@zeng |
| 210 | @a上海@c东方出版中心@d2024.01 | |
| 215 | @a2册(914页)@c地图@d23cm | |
| 225 | 1 | @a区域国别史经典丛书 |
| 300 | @a看世界 | |
| 330 | @a本书以编年体的形式,为整个欧洲从冰川期开始到21世纪的历史提供了一个轮廓,详细介绍了欧洲形成的地理特点,欧洲的政治、经济、文化、科技、宗教的发展历程,尤其是欧洲历史对整个人类历史的影响。 | |
| 461 | 0 | @12001 @a区域国别史经典丛书 |
| 510 | 1 | @aPenguin history of Europe@zeng |
| 607 | @a欧洲@x历史 | |
| 690 | @aK500@v5 | |
| 701 | 0 | @c(英)@a罗伯茨@9luo bo ci@c(Roberts, J. M.@f1928-2003)@4著 |
| 702 | 0 | @a李腾@9li teng@4译 |
| 702 | 0 | @a史悦@9shi yue@4译 |
| 801 | 0 | @aCN@c20250909 |
| 905 | @a河南城建学院图书馆@dK500@eL930:2@ZL930:2@f1 | |
| 欧洲史=The penguin history of Europe:从古希腊到冷战后/(英)J.M.罗伯茨(J. M. Roberts)著/李腾,史悦等译.下.-上海:东方出版中心,2024.01 |
| 2册(914页):地图;23cm.-(区域国别史经典丛书) |
| 看世界 |
| ISBN 978-7-5473-2256-7:CNY99.00 |
| 本书以编年体的形式,为整个欧洲从冰川期开始到21世纪的历史提供了一个轮廓,详细介绍了欧洲形成的地理特点,欧洲的政治、经济、文化、科技、宗教的发展历程,尤其是欧洲历史对整个人类历史的影响。 |
| ● |
| 相关链接 |
|
|
|
正题名:欧洲史
索取号:K500/L930:2
 
预约/预借
| 序号 | 登录号 | 条形码 | 馆藏地/架位号 | 状态 | 备注 |
| 1 | 1632691 | 216326919 | 社科库309/309社科库 40排2列5层/ [索取号:K500/L930:2] | 在馆 |